=LDR 00000nam 2200000 4500 =001 INLIS000000000012965 =005 20130612104430 =008 ***********************************Ind** =035 ##$$0010-061300000012965 =041 ##$$a Ind =082 ##$$a 649.122 02 =090 ##$$a 649.122 02, Ser s =245 ##$$a Serba-serbi bayi baru =260 ##$$a 2003 $b Jakarta =300 ##$$a 100 hlm, ilus, 28,5 cm =650 ##$$a Bayi - serba serbi perawatan =850 ##$$a NBPNMAT